| 000 | 00000nam##2200000za#4500 |
| 001 | 9.690599 |
| 003 | CaOODSP |
| 005 | 20241203113636 |
| 007 | cr ||||||||||| |
| 008 | 150407|2008||||xxc|||||o f|0| 0 eng|d |
| 020 | |a978-0-662-47697-9 |
| 040 | |aCaOODSP|beng |
| 043 | |an-cn--- |
| 086 | 1 |aEn4-84/2008E-PDF |
| 110 | 1 |aCanada. |bEnvironment Canada. |
| 245 | 10|aGuidelines for selecting shoreline treatment endpoints for oil spill response |h[electronic resource] |
| 260 | |aOttawa - Ontario : |bEnvironment Canada |c2008. |
| 300 | |a17p.|bfigs., references, tables |
| 520 | 3 |aProvides direction and guidance for selecting and measuring treatment endpoints for oiled shorelines. |
| 590 | |a11-05-Supp|b2011-03-15 |
| 690 | 07|aOil spills|2gcpds |
| 775 | 08|tDirectives pour définir les critères de fin de nettoyage des rives mazoutées suite à des déversements d'hydrocarbures |w(CaOODSP)9.634950 |
| 776 | 0#|tGuidelines for selecting shoreline treatment endpoints for oil spill response / |w(CaOODSP)9.651059 |
| 856 | 40|ahttp://publications.gc.ca|qPDF|s1167 KB|uhttps://publications.gc.ca/collections/collection_2011/ec/En4-84-2008-eng.pdf |